<?xml version="1.0" encoding="UTF-8"?>
<collection xmlns="http://www.loc.gov/MARC21/slim">
<record>
  <controlfield tag="001">126328</controlfield>
  <controlfield tag="005">20230602105036.0</controlfield>
  <datafield tag="024" ind1="8" ind2=" ">
    <subfield code="2">sideral</subfield>
    <subfield code="a">130380</subfield>
  </datafield>
  <datafield tag="037" ind1=" " ind2=" ">
    <subfield code="a">ART-2022-130380</subfield>
  </datafield>
  <datafield tag="041" ind1=" " ind2=" ">
    <subfield code="a">spa</subfield>
  </datafield>
  <datafield tag="100" ind1=" " ind2=" ">
    <subfield code="a">Giralt Latorre, Javier</subfield>
    <subfield code="u">Universidad de Zaragoza</subfield>
    <subfield code="0">(orcid)0000-0002-5518-1123</subfield>
  </datafield>
  <datafield tag="245" ind1=" " ind2=" ">
    <subfield code="a">Los nombres de lugar de Alins del Monte (La Litera, Huesca)</subfield>
  </datafield>
  <datafield tag="260" ind1=" " ind2=" ">
    <subfield code="c">2022</subfield>
  </datafield>
  <datafield tag="520" ind1="3" ind2=" ">
    <subfield code="a">RESUMEN: Alins del Monte es la única población de la Litera (Huesca) que ha sido adscrita a la lengua aragonesa, aunque en ella se observa cierta transición hacia el catalán. Esta circunstancia hace que sea de especial interés el estudio lingüístico de su toponimia. En este trabajo ofrecemos la recopilación de los nombres de lugar de su antiguo término municipal y el análisis desde una perspectiva lingüística, con el fin de determinar cuáles son sus constituyentes y qué circunstancias los motivaron.

RESUM: Alins del Monte és l’única població de la Llitera (Osca) que ha estat adscrita a la llengua aragonesa, encara que s’hi observa certa transició cap al català. Aquesta circumstància fa que sigui d’especial interès l’estudi lingüístic de la seva toponímia. En aquest treball oferim la recopilació dels noms de lloc del seu antic terme municipal i l’anàlisi des d’una perspectiva lingüística, amb l’objectiu de determinar quins són els seus constituents i quines circumstàncies els van motivar.

ABSTRACT: Alins del Monte is the only town in La Litera (Huesca Province) that has been classified as an Aragoneselanguage area, even though a certain transition towards the Catalan language may be observed there. Indeed, this circumstance lends a special interest to the linguistic study of its toponymy. This paper presents a compilation of the place names in the old municipal district of Alins del Monte and makes a linguistic analysis of these names in order to determine their constituents and the circumstances that gave rise to them.</subfield>
  </datafield>
  <datafield tag="506" ind1="0" ind2=" ">
    <subfield code="a">Access copy available to the general public</subfield>
    <subfield code="f">Unrestricted</subfield>
  </datafield>
  <datafield tag="540" ind1=" " ind2=" ">
    <subfield code="9">info:eu-repo/semantics/openAccess</subfield>
    <subfield code="a">by-nc-nd</subfield>
    <subfield code="u">http://creativecommons.org/licenses/by-nc-nd/3.0/es/</subfield>
  </datafield>
  <datafield tag="655" ind1=" " ind2="4">
    <subfield code="a">info:eu-repo/semantics/article</subfield>
    <subfield code="v">info:eu-repo/semantics/publishedVersion</subfield>
  </datafield>
  <datafield tag="710" ind1="2" ind2=" ">
    <subfield code="1">3013</subfield>
    <subfield code="2">325</subfield>
    <subfield code="a">Universidad de Zaragoza</subfield>
    <subfield code="b">Dpto. Lingüíst.y Liter.Hispán.</subfield>
    <subfield code="c">Área Filología Catalana</subfield>
  </datafield>
  <datafield tag="773" ind1=" " ind2=" ">
    <subfield code="g">7 (2022), 69-92</subfield>
    <subfield code="p">Littera (Tamarite de Litera)</subfield>
    <subfield code="t">Littera (Tamarite de Litera)</subfield>
    <subfield code="x">2171-228X</subfield>
  </datafield>
  <datafield tag="856" ind1="4" ind2=" ">
    <subfield code="s">9771487</subfield>
    <subfield code="u">http://zaguan.unizar.es/record/126328/files/texto_completo.pdf</subfield>
    <subfield code="y">Versión publicada</subfield>
  </datafield>
  <datafield tag="856" ind1="4" ind2=" ">
    <subfield code="s">893758</subfield>
    <subfield code="u">http://zaguan.unizar.es/record/126328/files/texto_completo.jpg?subformat=icon</subfield>
    <subfield code="x">icon</subfield>
    <subfield code="y">Versión publicada</subfield>
  </datafield>
  <datafield tag="909" ind1="C" ind2="O">
    <subfield code="o">oai:zaguan.unizar.es:126328</subfield>
    <subfield code="p">articulos</subfield>
    <subfield code="p">driver</subfield>
  </datafield>
  <datafield tag="951" ind1=" " ind2=" ">
    <subfield code="a">2023-06-02-09:09:49</subfield>
  </datafield>
  <datafield tag="980" ind1=" " ind2=" ">
    <subfield code="a">ARTICLE</subfield>
  </datafield>
</record>
</collection>